| 000 | 00725nam a22002177a 4500 | ||
|---|---|---|---|
| 003 | OSt | ||
| 005 | 20250809100945.0 | ||
| 008 | 250809b |||||||| |||| 00| 0 eng d | ||
| 020 | _a9789349299252 | ||
| 040 | _cAIMIT LIBRARY | ||
| 082 |
_a658.8 _bSENS |
||
| 100 |
_aSen, Suvodip. _9234816 |
||
| 245 |
_aMarketing psychology decoded : _bunlocking the secrets behind consumer behavior / _cBy Suvodip Sen, |
||
| 250 | _a1st ed. | ||
| 260 |
_aPune : _bZebraLearn , _c2025. |
||
| 300 |
_a410 p.; _bHB _c22.7 cm. |
||
| 650 |
_aDelving into the minds of buyers _9234817 |
||
| 650 |
_aExposure focus formation of perception _9234818 |
||
| 650 |
_aAttitude towards high efforts purchase _9234819 |
||
| 942 |
_2ddc _cBK _e1st _k658.8 SENS |
||
| 999 |
_c240344 _d240344 |
||